Vivir, amar y aprender / (Registro nro. 3586)
[ vista simple ]
| 000 -LEADER | |
|---|---|
| fixed length control field | 01220nam a2200241Ia 4500 |
| 003 - CONTROL NUMBER IDENTIFIER | |
| control field | OSt |
| 005 - DATE AND TIME OF LATEST TRANSACTION | |
| control field | 20200414133319.0 |
| 008 - FIXED-LENGTH DATA ELEMENTS--GENERAL INFORMATION | |
| fixed length control field | 191128s1984 ck gr 000 0 spa d |
| 040 ## - CATALOGING SOURCE | |
| Original cataloging agency | CO-JMCR |
| Transcribing agency | CO-JMCR |
| 041 10 - LANGUAGE CODE | |
| Language code of text/sound track or separate title | spa |
| Language code of original | eng |
| 082 04 - DEWEY DECIMAL CLASSIFICATION NUMBER | |
| Classification number | 177 / |
| Item number | B976v |
| 100 1# - MAIN ENTRY--PERSONAL NAME | |
| Personal name | Buscaglia, Leo, |
| Relator term | autor |
| 9 (RLIN) | 1543 |
| 245 10 - TITLE STATEMENT | |
| Title | Vivir, amar y aprender / |
| Statement of responsibility, etc. | Leo Buscaglia ; traducción, Fernando Orihuel |
| 260 ## - PUBLICATION, DISTRIBUTION, ETC. | |
| Place of publication, distribution, etc. | Bogotá : |
| Name of publisher, distributor, etc. | Tiempo libre, |
| Date of publication, distribution, etc. | 1984 |
| 300 ## - PHYSICAL DESCRIPTION | |
| Extent | 269 páginas ; |
| Dimensions | 20 cm. |
| 490 ## - SERIES STATEMENT | |
| Series statement | Circulo de lectores |
| 505 ## - FORMATTED CONTENTS NOTE | |
| Formatted contents note | El amor como elemento modificador de la conducta -- llegar a ser uno mismo -- allí es donde está la luz ( a la búsqueda de la propia identidad) -- lo esencial resulta invisible -- levantar puentes no barreras -- El arte de ser plenamente humanos -- Los niños del mañana -- Tu yo intimo -- Elegir la vida -- Enseñar la vida -- Hablando de amor -- En compañía de Leo Buscaglia -- La parafernalia del anti-yo: el yo autodestructor |
| 546 10 - LANGUAGE NOTE | |
| Language note | Titulo original: Living, Loving & Learning |
| Information code or alphabet | eng |
| 650 14 - SUBJECT ADDED ENTRY--TOPICAL TERM | |
| Topical term or geographic name entry element | Relaciones interpersonales |
| General subdivision | Amor |
| 9 (RLIN) | 1544 |
| 650 24 - SUBJECT ADDED ENTRY--TOPICAL TERM | |
| Topical term or geographic name entry element | Relaciones interpersonales |
| General subdivision | Conducta (psicología) |
| 9 (RLIN) | 1545 |
| 700 1# - ADDED ENTRY--PERSONAL NAME | |
| Personal name | Orihuel, Fernando, |
| Relator term | traductor |
| 9 (RLIN) | 1546 |
| 942 ## - ADDED ENTRY ELEMENTS (KOHA) | |
| Source of classification or shelving scheme | Dewey Decimal Classification |
| Koha item type | Books |
| Withdrawn status | Lost status | Source of classification or shelving scheme | Materials specified (bound volume or other part) | Damaged status | Not for loan | Home library | Current library | Date acquired | Source of acquisition | Cost, normal purchase price | Total Checkouts | Total Renewals | Full call number | Barcode | Date last seen | Date last checked out | Copy number | Price effective from | Koha item type | Public note |
|---|---|---|---|---|---|---|---|---|---|---|---|---|---|---|---|---|---|---|---|---|
| Dewey Decimal Classification | Donación--04/07/2018-- | Biblioteca Pública José María del Castillo y Rada | Biblioteca Pública José María del Castillo y Rada | 11/28/2019 | Donación | 0.00 | 4 | 3 | 177 / B976v | 201807453 | 09/19/2024 | 09/16/2024 | Ej.1 | 11/28/2019 | Books | Primera y ultima páginas pegadas |